000 01138nam a2200265Ia 4500
003 OSt
005 20220930095035.0
006 a|||||r|||| 00| 0
007 ta
008 220926b |||||||| |||| 00| 0 san d
024 _a67953
037 _cTheses
040 _aCRL
_cCRL
_bsan
041 _2san
_asan
100 _aपाण्डेय, प्रीति, ले.
110 _aदिल्ली विश्वविद्यालय. कला संकाय. संस्कृत विभाग
245 0 _aमीमांसार्थप्रदीप का समीक्षात्मक अध्ययन, प्रीति पाण्डेय
246 _aMīmāansārthapradīp kā samīkṣhātmak adhyayana, prīti pāṇḍeya
260 _c2019
300 _a308पृ0
_ap.
_ccm.
650 _aसंस्कृत साहित्य
700 _aदिल्ली विश्वविद्यालय. कला संकाय. संस्कृत विभाग
942 _cDIS
_2CC
999 _c888211
_d888211